Proč jsem se neoběsila /
Brilantně napsané povídky a fejetony, které nepostrádají typický nadhled a humor Haliny Pawlowské.
Uloženo v:
| Hlavní autor: | |
|---|---|
| Médium: | E-kniha |
| Jazyk: | Czech |
| Vydáno: |
Praha :
Motto,
2015
|
| Tagy: |
Žádné tagy |
| LEADER | 01014nam a22002297i 4500 | ||
|---|---|---|---|
| 001 | 310160 | ||
| 007 | ta | ||
| 008 | 260601s2015 xr ||||| |||| 00| 0 cze d | ||
| 020 | |a 9788072468201 | ||
| 044 | |a xr | ||
| 100 | 1 | |a Pawlowská, Halina |4 aut | |
| 245 | 1 | 0 | |a Proč jsem se neoběsila / |c Pawlowská, Halina |
| 264 | 1 | |a Praha : |b Motto, |c 2015 | |
| 300 | |a 1 online zdroj (136 stran) | ||
| 336 | |a text |b txt |2 rdacontent | ||
| 337 | |a bez média |b n |2 rdamedia | ||
| 338 | |a online zdroj |b cr |2 rdacarrier | ||
| 520 | 2 | |a Brilantně napsané povídky a fejetony, které nepostrádají typický nadhled a humor Haliny Pawlowské. | |
| 910 | |a RBIT002 | ||
| 998 | |d 168959 |a https://core.palmknihy.cz/api/books/168959/cover?uv2yvc |b https://core.palmknihy.cz/api/books/168959/cover/400?2urif0 |c https://core.palmknihy.cz/api/books/168959/cover/50?vp39hk |e 2035-12-31 |g 136 |i 9788072468201 |k https://core.palmknihy.cz/api/books/168959/preview.pdf |l |q 49 |r 1 |s https://www.palmknihy.cz/kniha/168959 |t ebook |y 2015 |z 1 | ||
| 999 | |d 310158 | ||